Profile: Houston Astros Quiz Stats

 Plays Quiz not verified by Sporcle

Support Sporcle.
Go Orange.
Score 0/18 Timer 04:00
0 Plays Today
Hint Answer % Correct
# of World Series Won1
96.7%
# of AL West Division Titles Won3
92.1%
# of American League Pennants2
91.4%
LeagueAmerican
89.4%
DivisionWest
84.8%
Year Established1962
80.8%
BallparkMinute Maid Park
78.1%
Team Leader - HitsCraig Biggio
77.5%
Team Leader - Home RunsJeff Bagwell
76.8%
Hint Answer % Correct
Team Leader - RBIsJeff Bagwell
76.8%
Team Leader - StrikeoutsNolan Ryan
71.5%
Team Leader - Batting AverageJose Altuve
70.2%
ManagerDusty Baker
65.6%
OwnerJim Crane
51.7%
Team Leader - SavesBilly Wagner
51%
Team Leader - ERARoger Clemens
43%
Team Leader - WinsJoe Niekro
38.4%
Team Leader - Stolen BasesCesar Cedeno
37.1%

You're not logged in!

Compare scores with friends on all Sporcle quizzes.
OR
Log In

From the Vault

How'd Ya Die: Game of Thrones III

by Thebiguglyalien

With so many characters dying on this show, perhaps we need a 'How'd Ya Live: Game of Thrones.'
Remove Ads.
Support Sporcle.
Get the best of Sporcle when you Go Orange. This ad-free experience offers more features, more stats, and more fun while also helping to support Sporcle. Thank you for becoming a member.

Show Comments

Extras

Top Quizzes Today


Score Distribution

Your Account Isn't Verified!

In order to create a playlist on Sporcle, you need to verify the email address you used during registration. Go to your Sporcle Settings to finish the process.

Report this User

Report this user for behavior that violates our Community Guidelines.

Details: